000 01209 a2200217 4500
005 2008082807067.0
008 080828t xxu||||| |||| 00| 0 hin d
010 _aHIN-82563
020 _a8181500547
_c290.00
035 _aHN-54909
037 _bपु.प्र.अ.प्र/प्रका
082 _a
100 _aभटनागर, योगेश चन्द्र
245 _aएक पौंगे का ज़िन्दगीनामा /
_cयोगेश चन्द्र भटनागर
246 _aEk paunge ka jindginama
_bby Yogesh Chandra Bhatnagar
260 _aनई दिल्ली
_bअरावली बुक्स इंटरनेशनल
_c2006
270 _aडब्ल्यू 30, ओखला इंडस्ट्रियल एरिया, फेस-11
_bनई दिल्ली
_e110020
_k26388830-32, 26389736-38
_l26388829
_mAravali@nde.vsnl.net.in
300 _a389पृ
_c22 सेमी (अजिल्द)
942 _adpl
_cHN
_kउ / भटना
_2ddc
_h
_mभटना
999 _c10634
_d10634